Human-Computer Interface (Record no. 394843)

MARC details
000 -LEADER
fixed length control field 00266 a2200133 4500
000 - LEADER
fixed length control field nam a22 7a 4500
100 ## - MAIN ENTRY--PERSONAL NAME
Personal name arther
110 ## - MAIN ENTRY--CORPORATE NAME
Corporate name or jurisdiction name as entry element arther
245 ## - TITLE STATEMENT
Title Human-Computer Interface
250 ## - EDITION STATEMENT
Edition statement latest
260 ## - PUBLICATION, DISTRIBUTION, ETC.
Date of publication, distribution, etc. 2026
264 ## - PRODUCTION, PUBLICATION, DISTRIBUTION, MANUFACTURE, AND COPYRIGHT NOTICE
Date of production, publication, distribution, manufacture, or copyright notice 2026
942 ## - ADDED ENTRY ELEMENTS (KOHA)
Koha item type Books
Holdings
Date last seen Total checkouts Barcode Cost, replacement price Price effective from Koha item type Lost status Source of classification or shelving scheme Damaged status Not for loan Withdrawn status Home library Current library Date acquired Source of acquisition Cost, normal purchase price
25/02/2026   438578 15979.60 25/02/2026 Books   Dewey Decimal Classification       VIVEKANANDA LIBRARY VIVEKANANDA LIBRARY 25/02/2026 9 11984.70
© Designed and Maintained by Vivekananda Library, MDU Rohtak